| 000 | 00382cam a2200169ua 4500 | ||
|---|---|---|---|
| 041 |
_aeng _h |
||
| 082 |
_a330.954 _bJAT/IN |
||
| 100 | _aJathar, G B . | ||
| 245 | _aIndian ecnomics | ||
| 250 |
_a1 / _b. |
||
| 260 |
_aBombay : _bOxford University Press , _c1957. |
||
| 300 |
_a479 : _b` ; . |
||
| 504 | _a | ||
| 700 | 1 | _aJathar, K G . | |
| 942 | _cBK | ||
| 999 |
_c1738 _d1738 |
||